000 00540 a2200205 4500
005 20260226115721.0
008 260226b |||||||| |||| 00| 0 eng d
020 _a9789393631855
_cRs. 695.00
040 _aMAIN
082 _a658.7
_bS18S
100 _aSagar, Sephalika
245 _aSupply chain management
260 _bOxford Publishers
_c2025
_aNew Delhi
300 _aviii, 144
650 _aDistribution(Commerce)
650 _aPurchasing
650 _aInventory Control
700 _aTripathi, Prabhat Kumar
942 _cBK
999 _c396970
_d396970